000 01264nam a2200241 i 4500
001 161279
003 ES-MaACL
005 20241214063029.0
008 931025s1762 sp af |||| | spa d
100 1 _aPalafox y Mendoza, Juan de,
_d1600-1659
_9239354
245 1 0 _aObras del ilustrissimo, excelentissimo y venerable siervo de Dios, Don Juan de Palafox y Mendoza,... Obispo ... de Osma,... :
_btomo IX, Vidas de San Juan Limosnero y Sor Margarita de la Cruz.
260 _aEn Madrid :
_ben la imprenta de Don Gabriel Ramirez...,
_c1762.
300 _a[14], 618 p., [1] h. de grab. :
_bil. ;
_cFol.
530 _aDisponible en formato digital.
597 _aSign.: [ ]1, a4, b2, A-Z4, 2A-2Z4, 3A-3Z4, 4A-4H4, 4I1.
597 _aPort. con grab. calc. que representa a Sor Margarita de la Cruz.
599 _aIlustraciones calc. en p. 7 "ã Palomº inv. del\pt\s et sculp." y en p. 161 "Prieto ã 1761"
600 0 4 _aJuan Limosnero
_cSanto-
_vBiografias.
_9128382
600 0 4 _aMargarita de la Cruz-
_vBiografias.
_9129485
852 4 _aES-MaACL
_jR-2015
_z- Enc. piel original de la época
856 4 _uhttps://bibliotecadigital.jcyl.es/es/consulta/registro.do?id=7209
_zBiblioteca Digital de Castilla y León
999 _c161279
_d161279